Statystyki dla Geografia Na Literę A

Kliknij tutaj aby rozwiązać quiz!

Ogólne statystyki

  • Ten quiz został rozwiązany 1 498 razy
  • Średni wynik to 9 z 13

Statystyki odpowiedzi

PodpowiedżOdpowiedź% Poprawnych
Na tym kontynencie występują kanguryAustralia
97%
Stolica GrecjiAteny
96%
Jako drugi największy kontynentAfryka
94%
Kraj z którego pochodzi Lionel MessiArgentyna
94%
Na tym kontynencie występują stepy preriaAmeryka Północna
91%
Stolica TurcjiAnkara
91%
Najwyższe góry w EuropieAlpy
87%
Drugi pod względem wielkości ocean na ZiemiAtlantycki
86%
Kraj graniczący z AzerbejdżanemArmenia
84%
To powłoka ziemska, która składa się z mieszaniny gazów, nazywamy ją powietrzemAtmosfera
69%
Pustynia mglista w ChileAtakama
30%
Oficjalna nazwa EgiptuArabska Republika Egiptu
13%
A........ Republika Ludowo-DemokratycznaAlgierska
10%

Rozkład punktacji

Percentyl według liczby udzielonych odpowiedzi

Procent ludzi z każdym wynikiem

Twoja historia wyników

Nie rozwiązałeś tego quizu